Станки металлорежущие. Станки с числовым программным управлением. Основные параметры и присоединительные размеры; ГОСТ 21609-82 Станки токарно-карусельные с числовым программным управлением. Основные параметры и присоединительные размеры; ГОСТ 21610-82 Станки фрезерные с числовым программным управлением. Основные параметры и присоединительные размеры; ГОСТ 21611-82 Станки вертикально-сверлильные с числовым программным управлением. Основные параметры и присоединительные размеры; ГОСТ 21613-82 Станки координатно-расточные вертикальные с числовым программным управлением. Основные параметры и присоединительные размеры

Detalhes bibliográficos
Autor Corporativo: СССР Государственный комитет по стандартам (Госстандарт)
Idioma:russo
Publicado em: Москва, Изд-во стандартов, 1982
Edição:Изд. офиц.
TOC:ГОСТ 21609-82 Станки токарно-карусельные с числовым программным управлением. Основные параметры и присоединительные размеры;
ГОСТ 21610-82 Станки фрезерные с числовым программным управлением. Основные параметры и присоединительные размеры;
ГОСТ 21611-82 Станки вертикально-сверлильные с числовым программным управлением. Основные параметры и присоединительные размеры;
ГОСТ 21613-82 Станки координатно-расточные вертикальные с числовым программным управлением. Основные параметры и присоединительные размеры;
Colecção:Государственные стандарты
Assuntos:
Formato: Livro
KOHA link:https://koha.lib.tpu.ru/cgi-bin/koha/opac-detail.pl?biblionumber=157289

MARC

LEADER 00000nam0a2200000 4500
001 157289
005 20231031153658.0
035 |a (RuTPU)RU\TPU\book\170594 
035 |a RU\TPU\book\170587 
090 |a 157289 
100 |a 20090406d1982 km y0rusy50 ca 
101 0 |a rus 
102 |a RU 
105 |a a l 000zy 
200 1 |a Станки металлорежущие. Станки с числовым программным управлением. Основные параметры и присоединительные размеры 
205 |a Изд. офиц. 
210 |a Москва  |c Изд-во стандартов  |d 1982 
215 |a 17 с.  |c ил. 
225 1 |a Государственные стандарты 
464 |t ГОСТ 21609-82 Станки токарно-карусельные с числовым программным управлением. Основные параметры и присоединительные размеры 
464 |t ГОСТ 21610-82 Станки фрезерные с числовым программным управлением. Основные параметры и присоединительные размеры 
464 |t ГОСТ 21611-82 Станки вертикально-сверлильные с числовым программным управлением. Основные параметры и присоединительные размеры 
464 |t ГОСТ 21613-82 Станки координатно-расточные вертикальные с числовым программным управлением. Основные параметры и присоединительные размеры 
610 1 |a стандарты 
610 1 |a ГОСТы 
610 1 |a токарно-карусельные станки 
610 1 |a фрезерные станки 
610 1 |a координатно-расточные станки 
610 1 |a числовое программное управление 
610 1 |a параметры 
610 1 |a размеры 
712 0 1 |a СССР  |b Государственный комитет по стандартам (Госстандарт)  |c (1978-1989)  |2 stltpush  |3 (RuTPU)RU\TPU\col\12454 
801 2 |a RU  |b 63413507  |c 20221208  |g PSBO 
942 |c BK